Culture générale - Quiz #19 - Statistiques

Statistiques générales
  • Ce quiz a été pris 77 669 fois
  • Le résultat moyen est 10 sur 20
Statistiques - réponses
Question Réponse % Correct
Comment dit-on "pain" en anglais ? Bread
97%
Quel chef cuisinier redoutable est l'animateur français de "Cauchemar en cuisine" ? Philippe Etchebest
83%
Quel est le nom de naissance de Voldemort ? Tom Jedusor
65%
Quel texte religieux une personne doit-elle connaître par cœur pour devenir un « hafiz » ? Le Coran
64%
Quel est le matériau naturel le plus dur sur Terre ? Le diamant
64%
Avec quel pays l'Allemagne signa-t-elle le "Pacte d'Acier" en 1939 ? L'Italie
64%
Quel roman se déroule environ 80 ans avant le Seigneur des Anneaux ? Le Hobbit
61%
Sur quelle île méditerranéenne se situe la ville de Palma ? Majorque
60%
Comment se nomme la déesse romaine de l'amour et de la beauté ? Vénus
59%
La ville de Kehl se trouve du côté allemand de la frontière franco-allemande. Quelle ville française se trouve juste de l'autre côté ? Strasbourg
56%
Quel est le seul métal qui est liquide dans les conditions normales de température et de pression ? Le mercure
54%
À quelle secte américaine sont liés John Travolta et Tom Cruise ? La scientologie
42%
Quel groupe de rock porte le même nom qu'une ancienne colonie française ? Indochine
41%
Qui est le commandant des Autobots ? Optimus Prime
31%
Quel nom est partagé par un département français et un canton suisse ? Le Jura
28%
Quelle comédie musicale franco-québécoise a été jouée plus de 5000 fois depuis 1998 ? Notre-Dame de Paris
27%
De quelle espèce d'arbre provient le latex ? L'Hévéa / Arbre à caoutchouc
27%
Quel élement métallique commençant par C est utilisé pour la fabrication de pigments bleus ? Le cobalt
25%
Sur quelle péninsule était située la Yougoslavie ? Les Balkans
25%
Qu'élève un mytiliculteur ? Des moules
16%
Aucun quiz correspondant
Distribution des résultats
% des personnes avec chaque résultat
Percentile par nombre de réponses
Votre historique - résultats
Vous n’avez pas pris ce quiz